000 00588nam a2200205 a 4500
005 20230602063804.0
008 150602s2014 mx r 000 0 spa d
020 _a9786070918285
035 _aUPN01000203984
049 _aCG
050 4 _aPQ7297 Y3.2
_bA4.4a
100 1 _aYáñez, Agustín,
_d1904-1980
245 1 0 _aAl filo del agua /
_cAgustín Yáñez.
260 _aMéxico :
_bSEP :
_bPorrúa,
_c2014.
300 _axii, 453 p.
440 0 _aBiblioteca mexicana del conocimiento.
_pLetras y voces
650 4 _aNovela mexicana
_94557
905 _aLibro
999 _c176085
_d176085